| 000 | 00532nam a22001577a 4500 | ||
|---|---|---|---|
| 003 | macl | ||
| 005 | 20191218122625.0 | ||
| 008 | 191218b xxu||||| |||| 00| 0 eng d | ||
| 040 | _cmacl | ||
| 082 | _a150 | ||
| 100 |
_aसिंह , गुडिया _977572 |
||
| 245 | _aआधुनिक शिक्षा मनोविज्ञान | ||
| 260 |
_aगाजियाबाद _bविनय पुस्तक केन्द _c2019 |
||
| 650 |
_aमनोविज्ञान _977573 |
||
| 942 |
_2ddc _cHIN |
||
| 999 |
_c61595 _d61595 |
||